Have rickshaws outlived their necessity in Calcutta? (Record no. 101877)

000 -LEADER
fixed length control field 00402pab a2200169 454500
008 - FIXED-LENGTH DATA ELEMENTS--GENERAL INFORMATION
fixed length control field 180718b1982 xxu||||| |||| 00| 0 eng d
100 ## - MAIN ENTRY--PERSONAL NAME
Personal name Halder, D.K.
245 ## - TITLE STATEMENT
Title Have rickshaws outlived their necessity in Calcutta?
260 ## - PUBLICATION, DISTRIBUTION, ETC.
Date of publication, distribution, etc. 1982
300 ## - PHYSICAL DESCRIPTION
Extent p.66-75.
362 ## - DATES OF PUBLICATION AND/OR SEQUENTIAL DESIGNATION
Dates of publication and/or sequential designation Jul-Sep
650 ## - SUBJECT ADDED ENTRY--TOPICAL TERM
Topical term or geographic name entry element Rickshaws
700 ## - ADDED ENTRY--PERSONAL NAME
Personal name Basu, Satyabrata
773 ## - HOST ITEM ENTRY
Main entry heading Nagarlok
908 ## - PUT COMMAND PARAMETER (RLIN)
Put command parameter N
909 ## -
-- 101879
Holdings
Withdrawn status Lost status Damaged status Not for loan Permanent Location Current Location Date acquired Serial Enumeration / chronology Barcode Date last seen Price effective from Koha item type
        Indian Institute of Public Administration Indian Institute of Public Administration 2018-07-19 Volume no: 14, Issue no: 3 AR102339 2018-07-19 2018-07-19 Articles

Powered by Koha